000 00227nam a22000857a 4500
008 160630b xxu||||| |||| 00| 0 eng d
100 _91467
_a Sandu, H., et al
245 _aBaking is Fun
260 _aNew Delhi
_bArya Publication
_c1994
999 _c1214
_d1214